Incentives for development (Бичлэгийн дугаар. 145892)
| 000 -УДИРДЛАГА | |
|---|---|
| Удирдлага | 00909nam a22003017a 4500 |
| 003 - ХЯНАЛТЫН ТОО ТОДОРХОЙЛОГЧ | |
| Код | MN-UlNUM |
| 005 - БИЧИЛТ ХИЙСЭН ОГНОО | |
| Тухайн бичилтийг бичсэн засварласан сүүлийн огноо | 20251210110447.0 |
| 008 - ЕРӨНХИЙ МЭДЭЭЛЭЛ | |
| Ерөнхий мэдээлэл | 251210s1989 nyuab||| |||| 001 0 eng | |
| 020 ## - ISBN | |
| ISBN | 0945257031 |
| -- | 0945257031 |
| 040 ## - БИЧЛЭГ ҮҮСГЭГЧ БАЙГУУЛЛАГА | |
| Бичлэг үүсгэгч номын сангийн код | МУИС-ийн номын сан |
| 084 ## - ББК АНГИЛАЛ | |
| Нэмэлт тусгалт | Бусад |
| ББК ангилал | 65.7 |
| Зохиогчийн гурван тэмдэгт | G 69 |
| Мэдлэгийн ялгаа | 65 - Эдийн засаг |
| 100 1# - ЗОХИОГЧ | |
| Зохиогчийн нэр | Goulet, Denis. |
| 245 10 - ҮНДСЭН ГАРЧИГ | |
| Номын нэр | Incentives for development |
| Бага гарчгийн мэдээ | the key to equity |
| Оролцогчдын тухай мэдээ | Denis Goulet. |
| 260 ## - ГАРАЛТЫН МЭДЭЭ | |
| Хэвлэгдсэн газар | New York |
| Хэвлэлийн газар | New Horizons Press, |
| Хэвлэгдсэн он | 1989. |
| 300 ## - МАТЕРИАЛЫН ТОДОРХОЙЛОЛТ | |
| хуудасны тоо | xi, 196 p. : |
| Бусад тоон мэдээлэл | ill. ; |
| Хэмжээ | ill. ; |
| 500 ## - Тайлбар | |
| Дансны дугаар | БС 4557 |
| 546 ## - ХЭЛНИЙ ТУХАЙ МЭДЭЭ | |
| Хэл | Англи хэл дээр, |
| 653 ## - Түлхүүр үг | |
| Түлхүүр үг | economic development |
| 653 ## - Түлхүүр үг | |
| Түлхүүр үг | economic development projects |
| 653 ## - Түлхүүр үг | |
| Түлхүүр үг | brazil |
| 740 ## - НОМЫН ГАРЧИГ | |
| Гарчиг | The Issue: Do Incentives Mirror Development? |
| 740 ## - НОМЫН ГАРЧИГ | |
| Гарчиг | How Are Incentives Used? |
| 740 ## - НОМЫН ГАРЧИГ | |
| Гарчиг | Socialist Incentive Systems |
| 740 ## - НОМЫН ГАРЧИГ | |
| Гарчиг | Incentive Systems in Capitalism |
| 942 ## - ЭЛЕМЕНТИЙН ТӨРӨЛ | |
| Зүйлийн төрөл | Ном |
